000
00268nam a22001217a 4500
008
181101b xxu||||| |||| 00| 0 eng d
041
_a
eng
080
_a
159
100
_a
48
101
_a
PSI
245
_a
Phusiology Of Respiration
_c
Comroe.J.H
942
_2
udc
_c
BK
999
_c
51433
_d
51433